| 000 | 00641nam a2200181Ia 4500 | ||
|---|---|---|---|
| 008 | 100920s9999 xx 000 0 und d | ||
| 082 |
_b21557 _a29 थ 49 |
||
| 100 | _aदेवगिरीकर त्र्यं. र. | ||
| 245 | _aचिरस्मृति. | ||
| 260 |
_bकुलकर्णी अ. अं. पुणे2. _c1949 |
||
| 300 |
_a116 _bसाधी |
||
| 365 | _b2.5 | ||
| 520 | _aमहात्मा गांधी वाड:मय. | ||
| 630 | _aचिरस्मृति. | ||
| 650 | _aमहात्मा गांधी वाड:मय. | ||
| 730 | _aचिरस्मृति. | ||
| 942 | _cBOOK | ||
| 999 |
_c681506 _d681503 |
||